The Plants of 1917 Vol.5 (Record no. 236641)

MARC details
000 -LEADER
fixed length control field 00341pam a2200145 a 4500
020 ## - INTERNATIONAL STANDARD BOOK NUMBER
Terms of availability
041 ## - LANGUAGE CODE
Language code of original
082 ## - DEWEY DECIMAL CLASSIFICATION NUMBER
Classification number 741.6
Item number HAG
100 ## - MAIN ENTRY--PERSONAL NAME
Personal name Fall / Winter.
245 ## - TITLE STATEMENT
Title The Plants of 1917 Vol.5
Remainder of title The Plants of 1917 Vol.5
Medium Textual Documents
250 ## - EDITION STATEMENT
Edition statement 1985.
260 ## - PUBLICATION, DISTRIBUTION, ETC.
Place of publication, distribution, etc. [s.l]:
Name of publisher, distributor, etc. Belvedere
300 ## - PHYSICAL DESCRIPTION
Extent 183:
Other physical details paper.
930 ## - EQUIVALENCE OR CROSS-REFERENCE-UNIFORM TITLE HEADING [LOCAL, CANADA]
Uniform title 2851
Holdings
Withdrawn status Lost status Damaged status Not for loan Collection Home library Current library Date acquired Source of acquisition Cost, normal purchase price Total Checkouts Full call number Barcode Date last seen Copy number Price effective from Koha item type
          College of Fine Arts, Pune College of Fine Arts, Pune 24/05/2007 Bhararti Sahakari Grahak Bhandar 560.00   741.6 HAG FAP-2851 07/03/2023 1 07/03/2023 Book